Les bouteilles et leur contenance - Statistiques

Statistiques générales
  • Ce quiz a été pris 207 fois
  • Le résultat moyen est 8 sur 18
Statistiques - réponses
Capacité en litre Nom % Correct
1,5 L magnum
80%
3 L jéroboam
71%
0,75 L bouteille
60%
6 L mathusalem
59%
1 L litre
53%
18 L melchior
48%
12 L balthazar
44%
9 L salmanazar
41%
0,375 L fillette
39%
0,05 L mignonette
39%
0,25 L chopine
36%
15 L nabuchodonozor
34%
0,2 L piccolo
30%
26,25 L souverain
30%
30 L melchizédec
29%
27 L primat
28%
4,5 L réhoboam
27%
10 L dame jeanne
26%
Aucun quiz correspondant
Distribution des résultats
% des personnes avec chaque résultat
Percentile par nombre de réponses
Votre historique - résultats
Vous n’avez pas pris ce quiz